Welcome to the Holygrace Academy Library

Please use search bar below to get started

CHEMISTRY CBSE LAST 5 YEARS SOLVED PAPERS (Record no. 696)

MARC details
000 -LEADER
fixed length control field 00383nam a22001337a 4500
020 ## - INTERNATIONAL STANDARD BOOK NUMBER
ISBN 93-5063-142-3
082 ## - DEWEY DECIMAL CLASSIFICATION NUMBER
Classification number 540
Item number CBSE/C
100 ## - MAIN ENTRY--AUTHOR NAME
Personal name CENTRAL BOARD OF SECONDARY EDUCATION
245 ## - TITLE STATEMENT
Title CHEMISTRY CBSE LAST 5 YEARS SOLVED PAPERS
Remainder of title CLASS XII
260 ## - PUBLICATION, DISTRIBUTION, ETC. (IMPRINT)
Place of publication DELHI
Name of publisher EVERGREEN PUBLICATIONS
Year of publication 2015
300 ## - PHYSICAL DESCRIPTION
Number of Pages 208
650 ## - SUBJECT ADDED ENTRY--TOPICAL TERM
Topical Term CHEMISTRY SOLVED PAPERS FOR CLASS XII
Geographic subdivision INDIA
942 ## - ADDED ENTRY ELEMENTS (KOHA)
Koha item type Books
Holdings
Withdrawn status Lost status Collection code Home library Current library Shelving location Date acquired Source of acquisition Cost, normal purchase price Full call number Accession Number Koha item type
    Reference Main Library Main Library SHELF-9 C XII CHEMISTRY 19/09/2015 purchase 210.00 540 CBSE/C 01921 Books